<?xml version="1.0" encoding="UTF-8"?>
<record
    xmlns:xsi="http://www.w3.org/2001/XMLSchema-instance"
    xsi:schemaLocation="http://www.loc.gov/MARC21/slim http://www.loc.gov/standards/marcxml/schema/MARC21slim.xsd"
    xmlns="http://www.loc.gov/MARC21/slim">

  <leader>01446cam a2200313 a 4500</leader>
  <controlfield tag="001">14792872</controlfield>
  <controlfield tag="003">OSt</controlfield>
  <controlfield tag="005">20230915133226.0</controlfield>
  <controlfield tag="008">070402s2008    ilu      bc   000 0 eng  </controlfield>
  <datafield tag="010" ind1=" " ind2=" ">
    <subfield code="a">  2007013658</subfield>
  </datafield>
  <datafield tag="020" ind1=" " ind2=" ">
    <subfield code="a">9780736065085 (pbk.)</subfield>
  </datafield>
  <datafield tag="020" ind1=" " ind2=" ">
    <subfield code="a">0736065083 (pbk.)</subfield>
  </datafield>
  <datafield tag="040" ind1=" " ind2=" ">
    <subfield code="a">DLC</subfield>
    <subfield code="c">DLC</subfield>
    <subfield code="d">DLC</subfield>
  </datafield>
  <datafield tag="050" ind1="0" ind2="0">
    <subfield code="a">LB1044.Z9</subfield>
    <subfield code="b">O32 2008</subfield>
  </datafield>
  <datafield tag="082" ind1="0" ind2="0">
    <subfield code="a">371.33523</subfield>
    <subfield code="b">BAN/T</subfield>
  </datafield>
  <datafield tag="100" ind1="1" ind2=" ">
    <subfield code="a">O'Bannon, Teresa,</subfield>
    <subfield code="d">1969-</subfield>
    <subfield code="9">9479</subfield>
  </datafield>
  <datafield tag="245" ind1="1" ind2="0">
    <subfield code="a">Teaching with movies :</subfield>
    <subfield code="b">recreation, sports, tourism, and physical education /</subfield>
    <subfield code="c">Teresa O'Bannon, Marni Goldenberg.</subfield>
  </datafield>
  <datafield tag="260" ind1=" " ind2=" ">
    <subfield code="a">Champaign, IL :</subfield>
    <subfield code="b">Human Kinetics,</subfield>
    <subfield code="c">c2008.</subfield>
  </datafield>
  <datafield tag="300" ind1=" " ind2=" ">
    <subfield code="a">xxxi, 143 p. ;</subfield>
    <subfield code="c">23 cm.</subfield>
  </datafield>
  <datafield tag="504" ind1=" " ind2=" ">
    <subfield code="a">Includes bibliographical references (p. 141).</subfield>
  </datafield>
  <datafield tag="505" ind1="0" ind2=" ">
    <subfield code="a">Movie finder --  Preface --  Acknowledgments --  Introduction: movies as teaching tools -- Movie guide -- Conclusion: That's a wrap! -- References -- About the authors.</subfield>
  </datafield>
  <datafield tag="650" ind1=" " ind2="0">
    <subfield code="a">Motion pictures in education</subfield>
    <subfield code="v">Catalogs.</subfield>
  </datafield>
  <datafield tag="650" ind1=" " ind2="0">
    <subfield code="a">Physical education and training.</subfield>
  </datafield>
  <datafield tag="700" ind1="1" ind2=" ">
    <subfield code="a">Goldenberg, Marni,</subfield>
    <subfield code="d">1972-</subfield>
  </datafield>
  <datafield tag="856" ind1="4" ind2="1">
    <subfield code="3">Table of contents only</subfield>
    <subfield code="u">http://www.loc.gov/catdir/toc/ecip0714/2007013658.html</subfield>
  </datafield>
  <datafield tag="906" ind1=" " ind2=" ">
    <subfield code="a">7</subfield>
    <subfield code="b">cbc</subfield>
    <subfield code="c">orignew</subfield>
    <subfield code="d">1</subfield>
    <subfield code="e">ecip</subfield>
    <subfield code="f">20</subfield>
    <subfield code="g">y-gencatlg</subfield>
  </datafield>
  <datafield tag="942" ind1=" " ind2=" ">
    <subfield code="2">ddc</subfield>
    <subfield code="c">BK</subfield>
    <subfield code="h">371.33523</subfield>
    <subfield code="i">BAN/T</subfield>
    <subfield code="k">371.33523</subfield>
    <subfield code="m">BAN/T</subfield>
  </datafield>
  <datafield tag="952" ind1=" " ind2=" ">
    <subfield code="0">0</subfield>
    <subfield code="1">0</subfield>
    <subfield code="2">ddc</subfield>
    <subfield code="4">0</subfield>
    <subfield code="7">0</subfield>
    <subfield code="8">M&amp;H</subfield>
    <subfield code="a">MES</subfield>
    <subfield code="b">MES</subfield>
    <subfield code="c">PHYS</subfield>
    <subfield code="d">2023-09-15</subfield>
    <subfield code="l">0</subfield>
    <subfield code="o">371.33523 BAN/T</subfield>
    <subfield code="p">42433</subfield>
    <subfield code="r">2023-09-15 13:33:04</subfield>
    <subfield code="v">2394.00</subfield>
    <subfield code="w">2023-09-15</subfield>
    <subfield code="y">BK</subfield>
    <subfield code="z">U22R2</subfield>
  </datafield>
  <datafield tag="999" ind1=" " ind2=" ">
    <subfield code="c">42488</subfield>
    <subfield code="d">42488</subfield>
  </datafield>
</record>
